Statistics for All Dark Souls 2 Weapons & Equipment

Click here to take the quiz!

General Stats

  • This quiz has been taken 9 times
    (8 since last reset)
  • The average score is 59 of 319

Answer Stats

Weapon CategoryAnswer% Correct
DaggersDagger
83%
GreataxesGreataxe
83%
KatanasUchigatana
83%
Ultra GreatswordsGreatsword
67%
AxesHand Axe
67%
Straight SwordsLongsword
67%
GreatswordsMoonlight Greatsword
67%
HammersMorning Star
67%
DaggersParrying Dagger
67%
Piercing SwordsRapier
67%
Piercing SwordsRicard's Rapier
67%
AxesBandit Axe
50%
HammersBlacksmith's Hammer
50%
KatanasBlacksteel Katana
50%
Straight SwordsBroadsword
50%
GreatswordsClaymore
50%
Piercing SwordsEstoc
50%
Straight SwordsFume Sword
50%
HalberdsHalberd
50%
BowsLong Bow
50%
Piercing SwordsMail Breaker
50%
DaggersMytha's Bent Blade
50%
Curved SwordsScimitar
50%
BowsShort Bow
50%
Straight SwordsShortsword
50%
Spears & PikesSpear
50%
DaggersThief Dagger
50%
TwinbladesTwinblade
50%
KatanasWashing Pole
50%
Ultra GreatswordsZweihander
50%
HammersAldia Hammer
33%
Curved GreatswordsArced Sword
33%
DaggersBandit's Knife
33%
GreatswordsBastard Sword
33%
AxesBattle Axe
33%
KatanasBerserker Blade
33%
GreataxesBlack Dragon Greataxe
33%
GreatswordsBlack Dragon Greatsword
33%
Straight SwordsBlack Dragon Sword
33%
DaggersBlack Flamestone Dagger
33%
GreataxesBlack Knight Greataxe
33%
Ultra GreatswordsBlack Knight Ultra Greatsword
33%
Straight SwordsBlue Flame
33%
GreatswordsBluemoon Greatsword
33%
Straight SwordsBroken Straight Sword
33%
DaggersBroken Thief Sword
33%
Small ShieldsBuckler
33%
KatanasChaos Blade
33%
Fists & ClawsClaws
33%
HammersClub
33%
HammersCraftman's Hammer
33%
GreataxesCrescent Axe
33%
Ultra GreatswordsCrypt Blacksword
33%
FlamesDark Pyromancy Flame
33%
Great HammersDragon Tooth
33%
Straight SwordsDrakekeeper's Sword
33%
Ultra GreatswordsDrakekeeper's Ultra Greatsword
33%
Ultra GreatswordsDrakewing Ultra Greatsword
33%
Straight SwordsFoot Soldier Sword
33%
Ultra GreatswordsFume Ultra Greatsword
33%
Great HammersGiant Warrior Club
33%
Great HammersGreat Club
33%
ReapersGreat Scythe
33%
AxesGyrm Axe
33%
GreataxesGyrm Greataxe
33%
Great HammersGyrm Great Hammer
33%
CrossbowsHeavy Crossbow
33%
Straight SwordsHeide Knight Sword
33%
Piercing SwordsIce Rapier
33%
AxesInfantry Axe
33%
Great HammersIron King Hammer
33%
Ultra GreatswordsKing's Ultra Greatsword
33%
Great HammersLarge Club
33%
CrossbowsLight Crossbow
33%
GreataxesLion Greataxe
33%
Ultra GreatswordsLost Sinner's Sword
33%
HammersMace
33%
Great HammersMalformed Shell
33%
Great HammersMalformed Skull
33%
DaggersManikin Knife
33%
Curved SwordsManikin Sabre
33%
KatanasManslayer
33%
Curved SwordsMelu Scimitar
33%
Curved SwordsMonastery Scimitar
33%
Curved GreatswordsMurakumo
33%
WhipsNotched Whip
33%
Ultra GreatswordsOld Knight Ultra Greatsword
33%
Spears & PikesPike
33%
Ultra GreatswordsPursuer's Ultra Greatsword
33%
FlamesPyromancy Flame
33%
Curved SwordsRed Rust Scimitar
33%
Straight SwordsRed Rust Sword
33%
DaggersRoyal Dirk
33%
GreatswordsRoyal Greatsword
33%
HalberdsScythe
33%
DaggersShadow Dagger
33%
Ultra GreatswordsSmelter Sword
33%
Curved SwordsSpider Fang
33%
Piercing SwordsSpider's Silk
33%
Curved SwordsWarped Sword
33%
WhipsWhip
33%
Straight SwordsYellow Quartz Longsword
33%
Ultra GreatswordsAged Smelter Sword
17%
GreatbowsAlonne Greatbow
17%
Great HammersArchdrake Mace
17%
Straight SwordsAshen Warrior Sword
17%
CrossbowsAvelyn
17%
GreataxesBandit Greataxe
17%
HammersBarbed Club
17%
BowsBell Keeper Bow
17%
KatanasBewitched Alonne Sword
17%
Standard ShieldsBlack Dragon Shield
17%
HammersBlack Dragon Warpick
17%
GreatswordsBlack Knight Greatsword
17%
HalberdsBlack Knight Halberd
17%
Piercing SwordsBlack Scorpion Stinger
17%
WhipsBloodied Whip
17%
DaggersBlue Dagger
17%
ReapersBone Scythe
17%
BowsBow of Want
17%
AxesButcher's Knife
17%
Fists & ClawsCaestus
17%
Piercing SwordsChaos Rapier
17%
GreatswordsCharred Loyce Greatsword
17%
ChimesChime of Want
17%
ChimesCleric's Sacred Chime
17%
BowsComposite Bow
17%
ReapersCrescent Sickle
17%
Curved GreatswordsCurved Dragon Greatsword
17%
Curved GreatswordsCurved Nil Greatsword
17%
KatanasDarkdrift
17%
GreatswordsDefender Greatsword
17%
Great HammersDemon's Great Hammer
17%
ChimesDragon Chime
17%
BowsDragonrider Bow
17%
HalberdsDragonrider's Halberd
17%
GreatbowsDragonslayer Greatbow
17%
AxesDragonslayer's Crescent Axe
17%
Spears & PikesDragonslayer Spear
17%
GreatswordsDrakeblood Greatsword
17%
GreataxesDrakekeeper's Greataxe
17%
Great HammersDrakekeeper's Great Hammer
17%
GreatshieldsDrakekeeper's Greatshield
17%
Great HammersDrakekeeper's Warpick
17%
GreatswordsDrangleic Sword
17%
Curved SwordsEleum Loyce
17%
Piercing SwordsEspada Ropera
17%
Curved SwordsFalchion
17%
GreatswordsFlamberge
17%
GreataxesGiant Stone Axe
17%
GreatswordsGreatsword of the Forlorn
17%
HammersHandmaid's Ladle
17%
LancesHeide Greatlance
17%
LancesHeide Lance
17%
Spears & PikesHeide Spear
17%
HalberdsHelix Halberd
17%
HammersHomunculus Mace
17%
Small ShieldsIron Parma
17%
Ultra GreatswordsIvory King Ultra Greatsword
17%
Straight SwordsIvory Straight Sword
17%
GreatswordsKey to the Embedded
17%
GreatswordsLoyce Greatsword
17%
HammersMace of the Insolent
17%
GreatswordsMajestic Greatsword
17%
Fists & ClawsMalformed Claws
17%
Fists & ClawsManikin Claws
17%
GreatswordsMastodon Greatsword
17%
HalberdsMastodon Halberd
17%
GreatswordsMirrah Greatsword
17%
Great HammersOld Knight Great Hammer
17%
GreatswordsOld Knight Greatsword
17%
HalberdsOld Knight Halberd
17%
HalberdsOld Knight Pike
17%
GreatswordsOld Mirrah Greatsword
17%
WhipsOld Whip
17%
StavesOlenford's Staff
17%
Spears & PikesPartizan
17%
Spears & PikesPate's Spear
17%
Straight SwordsPossessed Armor Sword
17%
GreatshieldsPursuer's Greatshield
17%
Straight SwordsPuzzling Stone Sword
17%
TwinbladesRed Iron Twinblade
17%
HammersReinforced Club
17%
DaggersRetainer's Short Sword
17%
HalberdsRoaring Halberd
17%
GreatswordsRuler's Sword
17%
Great HammersSacred Chime Hammer
17%
HalberdsSantier's Spear
17%
ReapersScythe of Want
17%
BowsSea Bow
17%
CrossbowsShield Crossbow
17%
Curved SwordsShotel
17%
StavesSorcerer's Staff
17%
StavesStaff of Amana
17%
StavesStaff of Wisdom
17%
TwinbladesStone Twinblade
17%
Straight SwordsSun Sword
17%
HalberdsSyan's Halberd
17%
GreatswordsThorned Greatsword
17%
DaggersUmbral Dagger
17%
Straight SwordsVarangian Sword
17%
Standard ShieldsWatchdragon Parma
17%
GreatswordsWatcher Greatsword
17%
Spears & PikesWinged Spear
17%
Standard ShieldsWooden Shield
17%
Fists & ClawsWork Hook
17%
ChimesArchdrake Chime
0%
Standard ShieldsArchdrake Shield
0%
StavesArchdrake Staff
0%
StavesAzal's Staff
0%
StavesBat Staff
0%
Standard ShieldsBell Keeper's Shield
0%
Small ShieldsBenhart's Parma
0%
Standard ShieldsBlack Flamestone Parma
0%
StavesBlack Witch's Staff
0%
Standard ShieldsBlossom Kite Shield
0%
HalberdsBlue Knight's Halberd
0%
Standard ShieldsBlue Wooden Shield
0%
Fists & ClawsBone Fist
0%
Standard ShieldsBone Shield
0%
StavesBone Staff
0%
AxesBound Hound Axe
0%
Standard ShieldsBound Wooden Shield
0%
ChimesCaitha's Chime
0%
Spears & PikesChanneler's Trident
0%
Standard ShieldsChaos Shield
0%
LancesChariot Lance
0%
ChimesChime of Screams
0%
Small ShieldsCleric's Parma
0%
Small ShieldsCleric's Small Shield
0%
Small ShieldsCrimson Parma
0%
Small ShieldsCursed Bone Shield
0%
TwinbladesCurved Twinblade
0%
Standard ShieldsDefender's Shield
0%
ChimesDisc Chime
0%
GreatshieldsDragonrider Greatshield
0%
TwinbladesDragonrider Twinblade
0%
Standard ShieldsDrakekeeper's Shield
0%
Standard ShieldsDrangleic Shield
0%
Small ShieldsFoot Soldier Shield
0%
ReapersFull Moon Sickle
0%
Spears & PikesGargoyle Bident
0%
Small ShieldsGolden Falcon Shield
0%
Standard ShieldsGolden Wing Shield
0%
LancesGrand Lance
0%
Standard ShieldsGrand Spirit Tree Shield
0%
ReapersGreat Machete
0%
GreatshieldsGreatshield of Glory
0%
GreatshieldsGyrm Greatshield
0%
GreatshieldsHavel's Greatshield
0%
Standard ShieldsHollow Soldier Shield
0%
Standard ShieldsHommunculus Wooden Shield
0%
BowsHunter's Blackbow
0%
ChimesIdol's Chime
0%
GreatshieldsKing's Mirror
0%
Standard ShieldsKing's Shield
0%
Standard ShieldsLarge Leather Shield
0%
Standard ShieldsLion Clan Shield
0%
StavesLizard Staff
0%
Small ShieldsLlewellyn Shield
0%
Standard ShieldsLoyce Shield
0%
HalberdsLucerne
0%
Small ShieldsMagic Shield
0%
Small ShieldsManikin Shield
0%
GreatshieldsMastodon Greatshield
0%
Standard ShieldsMirrah Shield
0%
Standard ShieldsMoon Butterfly Shield
0%
GreatshieldsOld Knight Greatshield
0%
Standard ShieldsOld Knight's Shield
0%
GreatshieldsOrma's Greatshield
0%
GreatshieldsPate's Shield
0%
Small ShieldsPhoenix Parma
0%
Great HammersPickaxe
0%
Spears & PikesPilgrim's Spontoon
0%
Standard ShieldsPorcine Shield
0%
GreatbowsPossessed Armor Greatbow
0%
ChimesPriest's Chime
0%
ChimesProtective Chime
0%
LancesRampart Golem Lance
0%
GreatshieldsRebel's Greatshield
0%
Standard ShieldsRed Rust Shield
0%
GreatshieldsReeve's Greatshield
0%
StavesRetainer Staff
0%
Standard ShieldsRoyal Kite Shield
0%
CrossbowsSanctum Crossbow
0%
Great HammersSanctum Mace
0%
CrossbowsSanctum Repeating Crossbow
0%
ReapersScythe of Nahr Alma
0%
ReapersScythe of the Forlorn
0%
Standard ShieldsShield of the Insolent
0%
Standard ShieldsSilverblack Shield
0%
ReapersSilverblack Sickle
0%
Spears & PikesSilverblack Spear
0%
Standard ShieldsSilver Eagle Kite Shield
0%
Standard ShieldsSlumbering Dragon Shield
0%
Small ShieldsSmall Leather Shield
0%
Great HammersSmelter Hammer
0%
TwinbladesSorcerer's Twinblade
0%
Standard ShieldsSpirit Tree Shield
0%
Spears & PikesSpitfire Spear
0%
WhipsSpotted Whip
0%
Standard ShieldsStone Parma
0%
Spears & PikesStone Soldier Spear
0%
Small ShieldsSunlight Parma
0%
StavesSunset Staff
0%
Small ShieldsTarget Shield
0%
GreatshieldsTower Shield
0%
Small ShieldsTransgressor's Leather Shield
0%
StavesTransgressor's Staff
0%
GreatshieldsTwin Dragon Greatshield
0%
GreatbowsTwin-Headed Greatbow
0%
Small ShieldsVarangian Shield
0%
Small ShieldsWatcher's Shield
0%
GreatshieldsWicked Eye Greatshield
0%
ChimesWitchtree Bellvine
0%
StavesWitchtree Branch
0%
HalberdsWrathful Axe
0%
Standard ShieldsYellow Quartz Shield
0%
Spears & PikesYorgh's Spear
0%

Score Distribution

Percentile by Number Answered

Percent of People with Each Score

Your Score History

You have not taken this quiz since the last reset